000 00449nam a2200169Ia 4500
008 230524s9999 xx 000 0 und d
082 _a330
_bMES
100 _aSteven L Mc Shane
245 0 _a"Organisational Behaviour,"
250 _a4TH
260 _aNEW DELHI
_bTMH
_c2008
300 _aXXXIV;649
500 _aQuantity Number: 5
650 _aOrganisational Behaviour
700 _a" Mary Ann Von Glinow , Radha R.Sharma,,,"
942 _cBK
999 _c44798
_d44798